[Event "POL-chT3"]
[Site "Jastrzebia Gora POL"]
[Date "2016.09.10"]
[Round "8.82"]
[White "Bernat, Marcin"]
[Black "Klementowski, Dawid"]
[Result "1-0"]
[WhiteElo "2068"]
[BlackElo "1928"]
[EventDate "2016.09.02"]

1.d4 Nf6 2.c4 e6 3.Nc3 Bb4 4.e3 O-O 5.Ne2 b6 6.a3 Be7 7.e4 d6 8.Ng3 e5 9.
d5 a5 10.Be2 Na6 11.Be3 Bd7 12.O-O Qc8 13.Rb1 h6 14.b4 axb4 15.axb4 Nxe4 
16.Ncxe4 f5 17.Bd3 fxe4 18.Bxe4 Rb8 19.Qc2 Kh8 20.Qd2 Kg8 21.Rfc1 Qd8 22.
Rc3 Bg5 23.Bxg5 hxg5 24.Qe2 g4 25.c5 b5 26.c6 Bc8 27.Ra3 Rb6 28.f3 Qh4 29.
Qd3 Qg5 30.Rab3 Kh8 31.Rf1 Kg8 32.Qb1 Rf4 33.Ne2 Rf6 34.fxg4 Rxf1+ 35.Qxf1
Bxg4 36.Ng3 Rb8 37.h3 Rf8 38.Bh7+ Kxh7 39.Qxf8 Bd1 40.Ne4 Qf4 41.Qxf4 exf4
42.Rb2 Bh5 43.Kf2 Kh6 44.Nc3 Bf7 45.Kf3 Kg5 46.Ke4 Bg6+ 47.Kd4 Kh4 48.Nxb5
Kg3 49.Nc3 Nxb4 50.Rxb4 Kxg2 51.h4 Kh3 52.Nb5 f3 53.Ke3 Kg3 54.Rf4 Bd3 55.
Nxc7 f2 56.Rxf2 Be4 57.Rf4 Bh1 58.Rd4 1-0

[Event "POL-chT3"]
[Site "Jastrzebia Gora POL"]
[Date "2016.09.10"]
[Round "8.83"]
[White "Cieslak, Patrycjusz"]
[Black "Hemmerling, Jaroslaw"]
[Result "1-0"]
[WhiteElo "1919"]
[BlackElo "1903"]
[EventDate "2016.09.02"]

1.e4 e6 2.Nf3 d5 3.Nc3 Nc6 4.d4 Nf6 5.e5 Ne4 6.Bd3 Bb4 7.Bd2 Nxd2 8.Qxd2 
f6 9.O-O fxe5 10.Nxe5 Nxe5 11.dxe5 O-O 12.Qe2 Qg5 13.Kh1 Bd7 14.Nd1 Bc5 
15.f3 Bd4 16.Re1 Be8 17.c3 Bb6 18.Nf2 Bg6 19.Nh3 Bxd3 20.Qxd3 Qf5 21.Qxf5 
Rxf5 22.f4 h6 23.g4 Rff8 24.Kg2 Rae8 25.Kg3 a5 26.Rad1 c6 27.Rd3 g6 28.Rf3
Kg7 29.Nf2 Bxf2+ 30.Rxf2 Rf7 31.f5 gxf5 32.gxf5 exf5 33.Kf4 Kf8 34.Rg2 Re6
35.Reg1 Ke8 36.Rg6 Rfe7 37.Rxe6 Rxe6 38.Kxf5 Kd7 39.h4 Re7 40.Rg6 Rf7+ 41.
Rf6 Rh7 42.h5 a4 43.a3 b5 44.Rd6+ Kc7 45.Rg6 c5 46.Rd6 Rd7 47.Ke6 Rg7 48.
Rxd5 Rg5 49.Rxc5+ Kb6 50.Kd6 Rxh5 51.Rc6+ Kb7 52.e6 Rh1 53.Kd7 Re1 54.Rd6 
1-0

[Event "POL-chT3"]
[Site "Jastrzebia Gora POL"]
[Date "2016.09.10"]
[Round "8.84"]
[White "Debowiak, Arleta"]
[Black "Dziodzio, Angelika"]
[Result "0-1"]
[WhiteElo "1845"]
[BlackElo "2064"]
[EventDate "2016.09.02"]

1.e4 c5 2.Nf3 d6 3.d4 cxd4 4.Nxd4 Nf6 5.Nc3 Nc6 6.Bg5 Qb6 7.Nb3 e6 8.Bxf6 
gxf6 9.Qd2 a6 10.O-O-O Qc7 11.Kb1 b5 12.f4 Bb7 13.Be2 O-O-O 14.Bh5 Rg8 15.
a3 Rg7 16.g3 Ne7 17.Qd4 f5 18.Rhe1 fxe4 19.Nxe4 Nf5 20.Qd3 d5 21.Ng5 Rd6 
22.Rf1 h6 23.Nf3 Rd8 24.Rde1 Nd6 25.Nbd4 Ne4 26.Ne5 Nc5 27.Qe3 Bd6 28.Ng4 
Rh7 29.f5 e5 30.Nf3 e4 31.Nh4 Bf8 32.f6 Kb8 33.Qf2 Bc8 34.Rd1 Be6 35.Nf5 
Na4 36.Qd2 Kb7 37.Nd4 Bc8 38.Ne3 Bc5 39.Nb3 Bb6 40.Nf5 Qe5 41.Nbd4 Qxf6 
42.c3 Qg5 43.Qe2 Bxd4 44.Nxd4 f5 45.Rf4 Rc7 46.Ka1 Nc5 47.Rd2 Nd3 48.Rf1 
f4 49.gxf4 Nxf4 50.Rxf4 Qxf4 51.Nxb5 Rg7 52.Rd4 Rg1+ 53.Ka2 Bg4 54.Bxg4 
Qxg4 55.Nd6+ Rxd6 56.Qf2 Qg6 57.Qf8 a5 58.Qe7+ Kb8 59.Ra4 Qf6 60.Qe8+ Qd8 
0-1

[Event "POL-chT3"]
[Site "Jastrzebia Gora POL"]
[Date "2016.09.10"]
[Round "8.85"]
[White "Grajczak, Adrian"]
[Black "Banasik, Krzysztof"]
[Result "1/2-1/2"]
[WhiteElo "2022"]
[BlackElo "2253"]
[EventDate "2016.09.02"]

1.e4 e6 2.d3 c5 3.Nd2 Nc6 4.g3 g6 5.Bg2 Bg7 6.c3 Nge7 7.Nh3 d6 8.O-O O-O 
9.f4 f5 10.Nf2 Rb8 11.Nf3 b5 12.a3 a5 13.Be3 b4 14.axb4 axb4 15.Qd2 Na5 
16.Rae1 bxc3 17.bxc3 c4 18.dxc4 Nxc4 19.Qa2 Nxe3 20.Rxe3 Qb6 21.Rfe1 fxe4 
22.Rxe4 Nd5 23.Qa3 Nxc3 24.Rc4 Nb5 25.Qb3 Nd4 26.Qxb6 Nxf3+ 27.Bxf3 Rxb6 
28.Bg4 d5 29.Rxc8 Rxc8 30.Bxe6+ Rxe6 31.Rxe6 1/2-1/2

[Event "POL-chT3"]
[Site "Jastrzebia Gora POL"]
[Date "2016.09.10"]
[Round "8.86"]
[White "Tustanowski, Robert"]
[Black "Brylowski, Marian"]
[Result "1-0"]
[WhiteElo "2211"]
[BlackElo "2051"]
[EventDate "2016.09.02"]

1.e4 e5 2.Nf3 Nc6 3.Bc4 Bc5 4.O-O d6 5.c3 Bg4 6.h3 Bh5 7.d3 Nge7 8.Nbd2 
O-O 9.Bb3 d5 10.Re1 Re8 11.exd5 Nxd5 12.Ne4 Bb6 13.Ng3 Bg6 14.d4 e4 15.Nd2
e3 16.Nf3 exf2+ 17.Kxf2 Qd6 18.Bd2 Nf4 19.Bxf4 Qxf4 20.Qd2 Qd6 21.Rxe8+ 
Rxe8 22.Re1 Rd8 23.Ne4 Qd7 24.Qf4 h6 25.g4 Re8 26.h4 Na5 27.h5 Bh7 28.Bc2 
Re6 29.Kg2 Nc6 30.d5 Bxe4 31.Bxe4 Rf6 32.dxc6 bxc6 33.Bf5 Qd8 34.Qe4 g6 
35.hxg6 fxg6 36.Bxg6 Qd6 37.Bh5 Qc5 38.Qe8+ Qf8 39.Qxf8+ Kxf8 40.Re8+ Kg7 
41.Re7+ Kf8 42.Re5 Rd6 43.b4 Rd3 44.c4 c5 45.bxc5 Ba5 46.Nh4 Rc3 47.Nf5 
Kg8 48.Bg6 1-0

[Event "POL-chT3"]
[Site "Jastrzebia Gora POL"]
[Date "2016.09.10"]
[Round "8.87"]
[White "Aleksandrowicz, Marek"]
[Black "Siekaniec, Jan"]
[Result "1/2-1/2"]
[WhiteElo "1947"]
[BlackElo "2076"]
[EventDate "2016.09.02"]

1.e4 c5 2.Nf3 e6 3.g3 Nc6 4.Bg2 g6 5.O-O Bg7 6.c3 Nge7 7.d4 cxd4 8.cxd4 d5
9.exd5 Nxd5 10.Nc3 O-O 11.Qb3 Na5 12.Qc2 Qc7 13.Bd2 Bd7 14.Rac1 Rac8 15.
Qb1 Nxc3 16.Bxc3 Qb6 17.Ne5 Bb5 18.Rfe1 Nc4 19.Rcd1 Rfd8 20.d5 Nxe5 21.
Bxe5 Bxe5 22.Rxe5 exd5 23.Rexd5 Rxd5 24.Bxd5 Re8 25.Re1 Rxe1+ 26.Qxe1 Bc6 
27.Bxc6 Qxc6 28.Qd2 Qc4 29.b3 Qe4 30.h4 h5 31.Kh2 1/2-1/2

[Event "POL-chT3"]
[Site "Jastrzebia Gora POL"]
[Date "2016.09.10"]
[Round "8.88"]
[White "Wrobel, Maciej"]
[Black "Pelowski, Zdzislaw"]
[Result "1/2-1/2"]
[WhiteElo "2046"]
[BlackElo "1761"]
[EventDate "2016.09.02"]

1.e4 c6 2.d4 d5 3.Nc3 dxe4 4.Nxe4 Bf5 5.Ng3 Bg6 6.h4 h6 7.Nf3 Nf6 8.h5 Bh7
9.Bd3 Bxd3 10.Qxd3 e6 11.Bd2 Bd6 12.Ne4 Na6 13.O-O-O Nxe4 14.Qxe4 Qe7 15.
Ne5 O-O-O 16.Rh3 Bxe5 17.Qxe5 f6 18.Qe4 Rd7 19.c4 Rhd8 20.Ba5 Re8 21.Rhd3 
Qf7 22.Qe2 b6 23.Bc3 Red8 24.R3d2 Kb7 25.b3 Nc7 26.Re1 Qf8 27.Kb2 Qf7 28.
a4 a5 29.g4 Qf8 30.f4 Qf7 31.Qf3 Na6 32.Qe4 Nc7 33.Qf3 Na6 1/2-1/2

[Event "POL-chT3"]
[Site "Jastrzebia Gora POL"]
[Date "2016.09.10"]
[Round "8.89"]
[White "Karczynski, Lech"]
[Black "Tustanowski, Mateusz"]
[Result "1/2-1/2"]
[WhiteElo "1651"]
[BlackElo "1921"]
[EventDate "2016.09.02"]

1.d4 d5 2.Nf3 Nf6 3.c4 e6 4.Nc3 Be7 5.Bg5 O-O 6.e3 h6 7.Bxf6 Bxf6 8.Bd3 b6
9.cxd5 exd5 10.O-O Bb7 11.Rc1 Re8 12.b4 a6 13.Qb3 Qd6 14.a3 Nd7 15.Bb1 Be7
16.Qc2 Nf6 17.Ne2 Rac8 18.Ng3 Bf8 19.Nh5 g6 20.Nxf6+ Qxf6 21.Qb3 Bd6 22.
Rc3 Kg7 23.Rfc1 g5 24.Qc2 Rh8 25.Qf5 Rce8 26.Qxf6+ Kxf6 27.Ne5 Bxe5 28.
dxe5+ Kxe5 29.Rxc7 Rc8 30.f4+ Kd6 31.Rxc8 Rxc8 32.Rxc8 Bxc8 33.g3 a5 34.
Bd3 f6 35.Kf2 Bg4 36.Ke1 axb4 1/2-1/2

[Event "POL-chT3"]
[Site "Jastrzebia Gora POL"]
[Date "2016.09.10"]
[Round "8.90"]
[White "Buksa, Ewelina"]
[Black "Buchta, Agnieszka"]
[Result "1/2-1/2"]
[WhiteElo "1684"]
[BlackElo "1611"]
[EventDate "2016.09.02"]

1.e4 c5 2.Nf3 e6 3.d4 cxd4 4.Nxd4 Nf6 5.Bd3 Nc6 6.Nxc6 bxc6 7.O-O d5 8.
exd5 cxd5 9.Re1 Bd6 10.Nc3 a6 11.Bg5 O-O 12.Qf3 Be7 13.Rad1 Re8 14.Qg3 Bb7
15.Bh6 Bf8 16.Bg5 Be7 17.Bh6 Bf8 18.Bg5 Be7 19.Bh6 Bf8 1/2-1/2

[Event "POL-chT3"]
[Site "Jastrzebia Gora POL"]
[Date "2016.09.10"]
[Round "8.91"]
[White "Murdzia, Piotr"]
[Black "Gierulski, Kamil"]
[Result "1-0"]
[WhiteElo "2416"]
[BlackElo "2196"]
[EventDate "2016.09.02"]

1.e4 c5 2.Nf3 d6 3.c3 Nf6 4.Be2 Bd7 5.d3 e6 6.O-O Be7 7.Re1 Nc6 8.Bf1 O-O 
9.a3 e5 10.Nbd2 b5 11.d4 c4 12.b3 cxb3 13.Bb2 Qb8 14.Qxb3 Na5 15.Qa2 Be6 
16.c4 bxc4 17.Bc3 Nb3 18.Rab1 Qc8 19.d5 Bg4 20.Bxc4 Nc5 21.Nxe5 dxe5 22.
Bxe5 Qd8 23.Bd4 Rc8 24.e5 Nh5 25.Rbc1 Bg5 26.h3 Bd7 27.e6 Ba4 28.Bf1 Nxe6 
29.Rxc8 Qxc8 30.dxe6 fxe6 31.Nf3 Rxf3 32.gxf3 Nf4 33.Be5 Nd5 34.Qc4 Qe8 
35.Qg4 Qg6 36.Bd3 1-0

[Event "POL-chT3"]
[Site "Jastrzebia Gora POL"]
[Date "2016.09.10"]
[Round "8.92"]
[White "Miasik, Adrian"]
[Black "Lisowski, Krzysztof"]
[Result "0-1"]
[WhiteElo "1933"]
[BlackElo "2106"]
[EventDate "2016.09.02"]

1.d4 g6 2.Nf3 Bg7 3.c4 d6 4.Nc3 Nd7 5.e4 e5 6.d5 Ne7 7.Be3 h6 8.Be2 O-O 9.
Nd2 f5 10.f3 f4 11.Bf2 g5 12.Qc2 Nf6 13.O-O-O a6 14.Rdg1 Ng6 15.Nb3 b6 16.
Qd1 Bd7 17.g3 b5 18.c5 b4 19.Nb1 fxg3 20.hxg3 Nxe4 21.fxe4 Rxf2 22.c6 Be8 
23.Rf1 Qf6 24.Qe1 Rxf1 25.Rxf1 Nf4 26.gxf4 exf4 27.Qd2 a5 28.a4 Bg6 29.Qc2
Bxe4 30.Qxe4 Qxb2+ 31.Kd1 Qxb3+ 32.Qc2 Qxd5+ 33.Kc1 Qe5 34.Re1 Kh8 35.Nd2 
Re8 36.Qg6 Qb2+ 37.Kd1 Qa1+ 38.Nb1 Qxa4+ 39.Kc1 Qxc6+ 40.Kd1 Qe4 41.Qxe4 
Rxe4 42.Bd3 Rxe1+ 43.Kxe1 a4 44.Bb5 a3 45.Bc4 c6 46.Ke2 d5 47.Bb3 Bc3 0-1

[Event "POL-chT3"]
[Site "Jastrzebia Gora POL"]
[Date "2016.09.10"]
[Round "8.93"]
[White "Migala, Andrzej"]
[Black "Ziemniak, Piotr"]
[Result "1/2-1/2"]
[WhiteElo "2014"]
[BlackElo "1783"]
[EventDate "2016.09.02"]

1.e4 c5 2.Nc3 d6 3.Nf3 Nc6 4.d4 cxd4 5.Nxd4 Bd7 6.g3 Nf6 7.Bg2 g6 8.Nde2 
Bg7 9.O-O O-O 10.h3 Rb8 11.a4 a6 12.Nd5 Nxd5 13.exd5 Ne5 14.Ra2 Qc8 15.Kh2
b5 16.f4 Nc4 17.b3 Nb6 18.a5 Na8 19.Be3 Nc7 20.Ba7 Rb7 21.Bb6 b4 22.Qd2 
Bb5 23.Bf3 Bd7 24.Qxb4 Bxh3 25.Re1 Bg4 26.Qe4 h5 27.Bd4 Rb4 28.Ra4 Rxa4 
29.bxa4 Bf5 30.Qe3 e5 31.fxe5 1/2-1/2

[Event "POL-chT3"]
[Site "Jastrzebia Gora POL"]
[Date "2016.09.10"]
[Round "8.94"]
[White "Wozniak, Grzegorz"]
[Black "Daniluk, Jerzy"]
[Result "0-1"]
[WhiteElo "1695"]
[BlackElo "2100"]
[EventDate "2016.09.02"]

1.d4 Nf6 2.Nf3 e6 3.e3 b6 4.Bd3 Bb7 5.Nbd2 d5 6.O-O Nbd7 7.Qe2 Ne4 8.c3 f5
9.Ne5 Nxe5 10.dxe5 Be7 11.f3 Nc5 12.Re1 Nxd3 13.Qxd3 O-O 14.f4 Qe8 15.Nf3 
c5 16.Kf2 Rd8 17.Rh1 Qh5 18.Qe2 h6 19.Bd2 g5 20.Nd4 Qg6 21.Nf3 Rf7 22.Rag1
Rg7 23.h3 gxf4 24.exf4 Qg3+ 25.Kf1 d4 26.Qf2 Ba6+ 27.Ke1 dxc3 28.bxc3 Rxd2
29.Nxd2 Qxc3 30.Qf3 Qc1+ 31.Qd1 Bh4+ 32.g3 Bxg3+ 33.Rxg3 Qxd1+ 34.Kxd1 
Rxg3 35.Rh2 Bb7 36.Ke1 Bd5 37.Nb1 0-1

[Event "POL-chT3"]
[Site "Jastrzebia Gora POL"]
[Date "2016.09.10"]
[Round "8.95"]
[White "Kupryjaniuk, Tomasz"]
[Black "Wasik, Roman"]
[Result "0-1"]
[WhiteElo "1819"]
[BlackElo "1474"]
[EventDate "2016.09.02"]

1.e4 c5 2.c3 e6 3.d4 d5 4.e5 Nc6 5.Be3 Nge7 6.Nf3 Nf5 7.Bd3 Nxe3 8.fxe3 c4
9.Bc2 Be7 10.O-O O-O 11.Nbd2 f6 12.exf6 Bxf6 13.e4 Bd7 14.e5 Bg5 15.Qe2 
Bh6 16.Rf2 Qe7 17.Nf1 Rf4 18.b3 b5 19.a4 cxb3 20.Bxb3 Na5 21.Bc2 bxa4 22.
Bxa4 Bxa4 23.Rxa4 Nc4 24.Qd3 Raf8 25.h3 a5 26.N1h2 R4f7 27.Re2 Qe8 28.Ra1 
Bf4 29.g3 Bxg3 30.Ng5 Bxh2+ 31.Rxh2 Rf5 32.h4 Qg6 33.Qh3 h6 34.Kh1 hxg5 
35.Rg1 Rf2 36.Rhg2 Rxg2 37.Rxg2 Qb1+ 38.Kh2 Qf5 39.Rg4 Qf2+ 0-1

[Event "POL-chT3"]
[Site "Jastrzebia Gora POL"]
[Date "2016.09.10"]
[Round "8.96"]
[White "Wasik, Justyna"]
[Black "Kindler, Karolina"]
[Result "0-1"]
[WhiteElo "1385"]
[BlackElo "1717"]
[EventDate "2016.09.02"]

1.Nf3 d5 2.d4 Nf6 3.c4 e6 4.Nc3 Be7 5.Bf4 a6 6.e3 Nbd7 7.cxd5 exd5 8.Bd3 
c6 9.Qc2 h6 10.O-O-O b5 11.h4 a5 12.e4 dxe4 13.Nxe4 Nxe4 14.Bxe4 Bb7 15.
Ne5 Nxe5 16.Bxe5 O-O 17.Kb1 Qb6 18.Rh3 f6 19.Bf4 Rfd8 20.Rg3 Rxd4 21.Rxd4 
Qxd4 22.Bxh6 Bf8 23.Be3 Qd7 24.h5 Rd8 25.Kc1 c5 26.Bf5 Qd5 27.h6 Bc8 28.
Bh7+ Kh8 29.hxg7+ Bxg7 30.Be4 Qxa2 31.Qxc5 Qc4+ 32.Qxc4 bxc4 33.Bb6 Bh6+ 
34.Kb1 Rd1+ 35.Ka2 Be6 36.Rc3 Bd2 37.Rc2 c3+ 38.b3 a4 39.Ka3 axb3 40.Rxd2 
cxd2 41.Bf3 Ra1+ 42.Kb2 d1=Q 43.Bxd1 Rxd1 0-1

[Event "POL-chT3"]
[Site "Jastrzebia Gora POL"]
[Date "2016.09.10"]
[Round "8.97"]
[White "Maj, Pawel"]
[Black "Banach, Szymon"]
[Result "1/2-1/2"]
[WhiteElo "2091"]
[BlackElo "1996"]
[EventDate "2016.09.02"]

1.d4 f5 2.Bg5 g6 3.e3 Bg7 4.h4 Nf6 5.Bc4 d5 6.Bd3 Nbd7 7.Bxf6 Nxf6 8.c4 
O-O 9.Nf3 c5 10.Nc3 e6 11.Qb3 cxd4 12.exd4 b6 13.cxd5 Nxd5 14.Nxd5 Qxd5 
15.Bc4 Qa5+ 16.Kf1 Ba6 17.Bxa6 Qxa6+ 18.Kg1 Rfe8 19.Re1 b5 20.Ng5 Qa4 21.
Qf3 Qxd4 22.Nxe6 Qb4 23.Rd1 Qe4 24.Qxe4 fxe4 25.Nxg7 Kxg7 26.Rd7+ Kg8 27.
Kh2 Rf8 28.Rc1 Rac8 29.Rxc8 Rxc8 30.Rxa7 Rc2 31.Kg3 Rxb2 32.Rb7 b4 33.Re7 
Rxa2 34.Rxe4 b3 35.Rb4 b2 36.Rb7 Kf8 37.h5 Ke8 38.hxg6 hxg6 39.Kg4 b1=Q 
40.Rxb1 Rxf2 41.g3 1/2-1/2

[Event "POL-chT3"]
[Site "Jastrzebia Gora POL"]
[Date "2016.09.10"]
[Round "8.98"]
[White "Nowak, Rafal"]
[Black "Liberadzki, Slawomir"]
[Result "0-1"]
[WhiteElo "2050"]
[BlackElo "2013"]
[EventDate "2016.09.02"]

1.d4 d5 2.Bg5 f6 3.Bh4 Nh6 4.e3 g6 5.Bd3 Bg7 6.Nd2 O-O 7.Ne2 c6 8.c4 Nf5 
9.Bg3 Nxg3 10.Nxg3 e5 11.O-O Nd7 12.cxd5 cxd5 13.Qb3 Nb6 14.dxe5 fxe5 15.
Rad1 Kh8 16.Nb1 Be6 17.f4 exf4 18.exf4 Qf6 19.Rd2 Qd4+ 20.Kh1 Rxf4 21.Re1 
Qf6 22.Nc3 Bf7 23.Qd1 Re8 24.Rxe8+ Bxe8 25.Be2 Bc6 26.Bf3 Nc4 27.Nxd5 Bxd5
28.Rxd5 Nxb2 29.Rd8+ Bf8 30.Qd5 Nc4 31.h3 Nb6 32.Qd3 Kg7 33.Rb8 Bd6 34.
Rxb7+ Kh6 35.Qe3 Nc4 36.Qxa7 Qe5 37.Rxh7+ Kg5 38.Qf2 Kf6 39.Ne4+ Qxe4 40.
Bxe4 Rxf2 41.Kg1 Rxa2 42.Rh6 Ne5 43.Rh8 Bc5+ 44.Kh2 Re2 45.Bd5 Bd6 46.Kg1 
Nd3 47.g4 Bc5+ 48.Kh1 Rd2 49.Bf3 Nf2+ 50.Kg2 Nxh3+ 51.Kxh3 Bd6 52.Bg2 Rd3+
53.Kh4 Bg3+ 54.Kh3 Bf4+ 0-1

[Event "POL-chT3"]
[Site "Jastrzebia Gora POL"]
[Date "2016.09.10"]
[Round "8.99"]
[White "Szymczak, Rafal"]
[Black "Jozefczak, Andrzej"]
[Result "1/2-1/2"]
[WhiteElo "2007"]
[BlackElo "2035"]
[EventDate "2016.09.02"]

1.f4 d5 2.Nf3 c5 3.g3 Nc6 4.Bg2 Bg4 5.Nc3 Bxf3 6.Bxf3 e6 7.d3 Nf6 8.O-O 
Be7 9.e4 O-O 10.Ne2 dxe4 11.dxe4 Qxd1 12.Rxd1 Rad8 13.Bd2 Nd4 14.Nxd4 cxd4
15.c3 dxc3 16.Bxc3 b6 17.Kf1 Nd7 18.b4 f6 19.Ke2 Kf7 20.Rd3 Nb8 21.Rad1 
Rxd3 22.Rxd3 Rc8 23.a3 Rc7 24.h4 Nd7 25.Bg4 Nb8 26.Kd2 Nd7 27.Bh3 Nb8 28.
Bg2 Nd7 29.Bf3 Nb8 30.Bd1 Nc6 31.Bb3 Nd8 32.f5 g6 33.g4 h5 34.gxh5 gxh5 
35.Bd1 exf5 36.exf5 Nc6 37.Bxh5+ Kf8 38.Ke3 Ne5 39.Bxe5 fxe5 40.Ke4 Rc4+ 
41.Kxe5 Rxh4 42.Bg6 Rh1 43.f6 Re1+ 44.Be4 Bxf6+ 45.Kxf6 Rxe4 46.Rd8+ Re8 
47.Rd7 Re3 48.Rxa7 Ke8 49.a4 Re4 50.b5 Kd8 51.Kf5 Rc4 52.Ke5 Kc8 53.Kd5 
Rc5+ 54.Kd6 Kb8 55.Rh7 Rc4 56.Kd5 Rc5+ 57.Kd4 Rc1 58.Rg7 Rc2 59.Kd3 Rc1 
60.Kd4 1/2-1/2

[Event "POL-chT3"]
[Site "Jastrzebia Gora POL"]
[Date "2016.09.10"]
[Round "8.100"]
[White "Zurawski, Kamil"]
[Black "Koziol, Pawel"]
[Result "0-1"]
[WhiteElo "1648"]
[BlackElo "1855"]
[EventDate "2016.09.02"]

1.e4 g6 2.d4 Bg7 3.Nc3 d6 4.Be3 a6 5.Qd2 Nd7 6.f3 b5 7.Nge2 Bb7 8.h4 h5 9.
O-O-O c5 10.dxc5 Nxc5 11.Nf4 Rc8 12.g3 Qa5 13.Bd4 Nf6 14.Kb1 Ncd7 15.Nfd5 
b4 16.Nxf6+ Nxf6 17.Ne2 O-O 18.Qg5 Qc7 19.c3 e5 20.Bf2 d5 21.Bh3 bxc3 22.
Nxc3 d4 23.Bxc8 dxc3 24.Rc1 Qxc8 25.Rxc3 Qe6 26.Qe3 Rc8 27.Rhc1 Rxc3 28.
Rxc3 Qd7 29.Rd3 Qb5 30.Rd1 Kh7 31.Be1 Bc8 32.Qd3 Qb7 33.Bc3 Qe7 34.Qd6 Qb7
35.Bxe5 Nxe4 36.Qc7 Qxc7 37.Bxc7 Nc5 38.Bf4 Bf5+ 39.Ka1 Nd3 40.Bc1 Nxc1 
41.Rxc1 Be5 42.f4 Bd4 43.a3 Bf2 44.Rc3 Kg7 45.Ka2 Be1 46.Re3 Bf2 47.Rc3 
Kf8 48.Kb3 Ke8 49.Rf3 Bb6 50.Kc3 Kd7 51.Rf1 Kc6 52.b4 Kb5 53.Rf3 Be4 54.
Rf1 Bf5 55.Rf3 Bd8 56.Kd4 Be6 57.Ke5 Be7 58.Rd3 Kc4 59.Re3 Bd5 60.f5 f6+ 
0-1

[Event "POL-chT3"]
[Site "Jastrzebia Gora POL"]
[Date "2016.09.10"]
[Round "8.101"]
[White "Milczarek, Robert"]
[Black "Sobczak, Miroslaw"]
[Result "0-1"]
[WhiteElo "1740"]
[BlackElo "1862"]
[EventDate "2016.09.02"]

1.d4 Nf6 2.c4 c5 3.d5 b5 4.cxb5 a6 5.b6 Qxb6 6.Nc3 g6 7.e4 d6 8.Nf3 Bg7 9.
Be2 O-O 10.O-O Bg4 11.Nd2 Bxe2 12.Qxe2 Nbd7 13.Nc4 Qc7 14.Bf4 Nb6 15.Nxb6 
Qxb6 16.Bg5 Rfe8 17.Rab1 Nd7 18.Kh1 Rab8 19.Bd2 Qa5 20.a3 Rb3 21.Na2 Qb6 
22.Bc3 Rb8 23.Bxg7 Kxg7 24.Nc1 Rxa3 25.b3 Qb5 26.Qb2+ Nf6 27.Re1 Qb4 28.
Qe2 c4 29.e5 Nxd5 30.exd6 exd6 31.Rb2 Nf6 32.Qd1 Ra1 33.h3 cxb3 34.Qe2 0-1

[Event "POL-chT3"]
[Site "Jastrzebia Gora POL"]
[Date "2016.09.10"]
[Round "8.102"]
[White "Wilk, Oktawia"]
[Black "Baranska, Monika"]
[Result "1/2-1/2"]
[WhiteElo "1704"]
[BlackElo "1780"]
[EventDate "2016.09.02"]

1.e4 e6 2.d4 d5 3.exd5 exd5 4.Bd3 Bd6 5.Ne2 Ne7 6.O-O O-O 7.Bf4 Bf5 8.Bg3 
c6 9.c3 Bxg3 10.Nxg3 Qd7 11.Nxf5 Nxf5 12.Qc2 g6 13.Bxf5 Qxf5 14.Qxf5 gxf5 
15.Re1 Nd7 16.Nd2 Rfe8 17.Kf1 Kg7 18.Rxe8 Rxe8 19.Re1 Re6 20.Nb3 b6 21.Nc1
Nf8 22.Nd3 Ng6 23.Nb4 Ne7 24.Nd3 Ng6 25.Nb4 Ne7 26.Nd3 Ng6 27.Nb4 Ne7 
1/2-1/2

[Event "POL-chT3"]
[Site "Jastrzebia Gora POL"]
[Date "2016.09.11"]
[Round "9.1"]
[White "Sopur, Lech"]
[Black "Kantans, Toms"]
[Result "1/2-1/2"]
[WhiteElo "2404"]
[BlackElo "2491"]
[EventDate "2016.09.02"]

1.d4 Nf6 2.c4 g6 3.Nc3 d5 4.e3 Bg7 5.Qb3 dxc4 6.Bxc4 O-O 7.Nf3 c5 8.dxc5 
Qa5 9.Ng5 e6 10.Qb5 Qc7 11.O-O Na6 12.c6 Rd8 13.Be2 Nd5 14.Qc4 bxc6 15.Qh4
h6 16.Nxd5 exd5 17.Nf3 Re8 18.Qa4 Re4 19.Qd1 Qb6 20.Rb1 Nc5 21.Bd2 a5 22.
Bc3 a4 23.Bxg7 Kxg7 24.Nd4 Ba6 25.Rc1 Rc8 26.Bxa6 Nxa6 27.Qxa4 c5 28.Qa3 
Rb8 29.Ne2 d4 30.Qd3 Rbe8 31.Ng3 R4e6 32.exd4 cxd4 33.Rc4 Qxb2 34.Qxd4+ 
Qxd4 35.Rxd4 Nc5 36.f4 Ra6 37.Rd5 Ne4 38.Nxe4 Rxe4 39.Rd2 h5 40.g3 h4 41.
Kg2 hxg3 42.hxg3 Rea4 43.Rff2 Ra3 44.Kh2 R6a4 45.Rg2 Kf6 46.Rdf2 Kf5 47.
g4+ 1/2-1/2

[Event "POL-chT3"]
[Site "Jastrzebia Gora POL"]
[Date "2016.09.11"]
[Round "9.2"]
[White "Kuzmicz, Krystian"]
[Black "Lewtak, Damian"]
[Result "1/2-1/2"]
[WhiteElo "2470"]
[BlackElo "2333"]
[EventDate "2016.09.02"]

1.d4 Nf6 2.Bf4 g6 3.e3 Bg7 4.h3 d6 5.Nf3 O-O 6.Be2 c5 7.c3 Qb6 8.Qb3 Qxb3 
9.axb3 Nc6 10.Nbd2 cxd4 11.exd4 e5 12.dxe5 Nd5 13.Bh2 dxe5 14.b4 f6 15.Ne4
b6 16.Bc4 Rd8 17.O-O Be6 18.Rfd1 Nc7 19.Nfd2 Rd7 20.Bxe6+ Nxe6 21.Nb3 Rad8
22.Rxd7 Rxd7 23.f3 f5 24.Nf2 Kf7 25.Kf1 Nf4 26.g3 Ne6 27.Ke2 Ng5 28.Bg1 
Ke6 29.h4 Nf7 30.Nd3 Ke7 31.b5 1/2-1/2

[Event "POL-chT3"]
[Site "Jastrzebia Gora POL"]
[Date "2016.09.11"]
[Round "9.3"]
[White "Orzech, Dominik"]
[Black "Sabuk, Piotr"]
[Result "1/2-1/2"]
[WhiteElo "2378"]
[BlackElo "2365"]
[EventDate "2016.09.02"]

1.d4 d5 2.Nf3 Nf6 3.c4 e6 4.Nc3 Be7 5.cxd5 exd5 6.Bg5 c6 7.Qc2 g6 8.e4 
dxe4 9.Bxf6 Bxf6 10.Qxe4+ Kf8 11.Bc4 Kg7 12.O-O Re8 13.Qf4 Be6 14.Bxe6 
Rxe6 15.Rfe1 Qd6 16.Qg4 Rxe1+ 17.Rxe1 Nd7 18.Ne4 Qd5 19.Nc3 Qd6 20.Ne4 Qd5
21.Nc3 Qd6 22.Ne4 Qd5 23.Nc3 Qd6 24.Ne4 1/2-1/2

[Event "POL-chT3"]
[Site "Jastrzebia Gora POL"]
[Date "2016.09.11"]
[Round "9.4"]
[White "Dubinski, Mateusz"]
[Black "Kowalczyk, Rafal"]
[Result "1-0"]
[WhiteElo "2241"]
[BlackElo "2241"]
[EventDate "2016.09.02"]

1.d4 d5 2.c4 dxc4 3.e3 e6 4.Bxc4 Nf6 5.Nf3 a6 6.O-O b5 7.Bd3 Bb7 8.a4 b4 
9.Nbd2 c5 10.e4 cxd4 11.e5 Nfd7 12.Ne4 Be7 13.Bf4 Nc6 14.Qe2 h6 15.Rac1 g5
16.Bg3 g4 17.Nfd2 Ndxe5 18.Nc4 Nxc4 19.Rxc4 Qd5 20.Qxg4 Kf8 21.Qf4 f5 22.
Rfc1 Kg7 23.Qc7 fxe4 24.Bxe4 Qxe4 25.Qxb7 Ra7 26.Qxc6 Qxc6 27.Rxc6 Kf7 28.
Rc7 Rha8 29.Bd6 Rxc7 30.Rxc7 Re8 31.Bxb4 a5 32.Bxe7 Rxe7 33.Rxe7+ Kxe7 34.
Kf1 Kd6 35.Ke2 e5 36.Kd3 Kc5 37.g3 Kd5 38.f3 h5 39.h3 Ke6 40.Ke4 Kd6 41.h4
Kc5 42.f4 exf4 43.gxf4 Kc4 44.f5 1-0

[Event "POL-chT3"]
[Site "Jastrzebia Gora POL"]
[Date "2016.09.11"]
[Round "9.5"]
[White "Rawicz, Karol"]
[Black "Szczepaniak, Lukasz"]
[Result "1-0"]
[WhiteElo "2216"]
[BlackElo "2173"]
[EventDate "2016.09.02"]

1.e4 e5 2.Nf3 Nc6 3.Bc4 Bc5 4.c3 Nf6 5.d3 d6 6.Bb3 a6 7.Nbd2 Ba7 8.Nf1 Ne7
9.Ng3 Ng6 10.O-O O-O 11.h3 c6 12.d4 h6 13.Be3 Nh7 14.dxe5 dxe5 15.Qxd8 
Rxd8 16.Rad1 Rf8 17.Rd6 Bxe3 18.Rxg6 Bc5 19.Nh5 Kh8 20.Nxe5 Be6 21.Bxe6 
Ng5 22.Rxg7 Rae8 23.Nxf7+ Nxf7 24.Bxf7 Re7 25.Bb3 Rxg7 26.Nxg7 Kxg7 27.g3 
Kf6 28.Kg2 Ke5 29.Bc2 Rd8 30.Rd1 Rxd1 31.f4+ Kd6 32.Bxd1 Be3 33.Kf3 Bc1 
34.b3 Bb2 35.c4 Kc5 36.e5 b5 37.cxb5 axb5 38.Ke4 Kb4 39.a4 bxa4 40.bxa4 c5
41.f5 1-0

[Event "POL-chT3"]
[Site "Jastrzebia Gora POL"]
[Date "2016.09.11"]
[Round "9.6"]
[White "Kantane, Anna"]
[Black "Sliwicka, Alicja"]
[Result "1-0"]
[WhiteElo "2248"]
[BlackElo "2092"]
[EventDate "2016.09.02"]

1.e4 e5 2.Nf3 Nc6 3.Bb5 a6 4.Ba4 Nf6 5.O-O Be7 6.Bxc6 dxc6 7.d3 Nd7 8.Nbd2
O-O 9.Nc4 Bf6 10.b3 Re8 11.Bb2 c5 12.a4 Rb8 13.Qd2 g6 14.h3 b5 15.Ne3 Nf8 
16.axb5 axb5 17.Ra7 c6 18.Qc1 Qd6 19.Qa1 Bg7 20.Ng5 Nd7 21.f4 f6 22.Nf7 
Kxf7 23.fxe5 Qe6 24.exf6 Bf8 25.Ng4 Rb7 26.Rxb7 Bxb7 27.Qa7 h5 28.Nh2 Rb8 
29.Nf3 Ke8 30.Ng5 Qd6 31.e5 Qc7 32.Ne6 Qb6 33.Qa1 c4+ 34.Kh1 Qe3 35.Nf4 c5
36.e6 Nxf6 37.Bxf6 Bd6 38.Bg5 Be5 39.Qa5 Ba8 40.Qa7 Bb7 41.Rf3 Qe1+ 42.Kh2
Bd6 43.Rg3 h4 44.Rg4 Qxe6 45.Bxh4 Qd5 46.Bg3 Qf7 47.Qb6 Qd7 48.Rxg6 Bf8 
49.Nh5 Qc8 50.Qxb5+ Kf7 51.Rf6+ Kg8 52.Qxc4+ Kh8 53.Bxb8 Qxb8+ 54.Qf4 1-0

[Event "POL-chT3"]
[Site "Jastrzebia Gora POL"]
[Date "2016.09.11"]
[Round "9.7"]
[White "Szotkowski, Jakub"]
[Black "Gajek, Radoslaw"]
[Result "0-1"]
[WhiteElo "2403"]
[BlackElo "2439"]
[EventDate "2016.09.02"]

1.Nf3 c5 2.c4 Nc6 3.g3 g6 4.Bg2 Bg7 5.O-O e6 6.Nc3 Nge7 7.d3 d5 8.cxd5 
exd5 9.Bf4 O-O 10.Qc1 b6 11.Nb5 Bb7 12.Bh3 d4 13.Ng5 Ne5 14.Ne4 Bc6 15.a4 
f5 16.Bxe5 Bxe5 17.Nd2 Bf6 18.Nf3 Kg7 19.Bg2 a6 20.Na3 Bxa4 21.Ne5 Rb8 22.
Nac4 Bb5 23.f4 Nd5 24.Qd2 a5 25.Bf3 Re8 26.Rf2 Re6 27.b3 Be8 28.Rg2 h5 29.
h4 Nc3 30.e4 fxe4 31.dxe4 b5 32.Nxa5 Bxe5 33.fxe5 Ra8 34.b4 cxb4 35.Nb3 
Rxa1+ 36.Nxa1 Rxe5 37.Qf4 Re7 38.Nb3 Bf7 39.Nc5 Qc7 40.Nd3 Qxf4 41.gxf4 b3
42.f5 Nxe4 43.fxg6 Bc4 44.Nf4 Nf6 45.Rd2 Ra7 46.Bd1 Ra1 47.Kg2 Ra2 0-1

[Event "POL-chT3"]
[Site "Jastrzebia Gora POL"]
[Date "2016.09.11"]
[Round "9.8"]
[White "Karpus, Michal"]
[Black "Nguyen, Piotr"]
[Result "1-0"]
[WhiteElo "2254"]
[BlackElo "2435"]
[EventDate "2016.09.02"]

1.e4 c5 2.Nf3 Nc6 3.d4 cxd4 4.Nxd4 g6 5.c4 Nf6 6.Nc3 d6 7.Nc2 Bg7 8.Be2 
O-O 9.O-O Be6 10.f3 Nd7 11.Nd5 Rc8 12.Rb1 Nc5 13.b3 f5 14.exf5 Bxf5 15.Bb2
Bxb2 16.Rxb2 e6 17.Nde3 Bxc2 18.Rxc2 Qg5 19.Ng4 Rcd8 20.Rd2 e5 21.Bd3 Nd4 
22.Kh1 Rf4 23.b4 Nxd3 24.Rxd3 Rdf8 25.Nf2 Rh4 26.Ne4 Qh6 27.h3 Nf5 28.Qe1 
g5 29.Kg1 Nd4 30.c5 d5 31.Nf2 Re8 32.g3 Qf6 33.gxh4 Nxf3+ 34.Rxf3 Qxf3 35.
Ng4 1-0